A critique of the moral defense of vegetarianism /

Bibliographic Details
Main Author: Smith, Andrew F., 1972- (Author)
Format: Book
Language:English
Published: Houndmills, Basingstoke, Hampshire ; New York, NY : Palgrave Macmillan, 2016.
Subjects:
Online Access:Contributor biographical information
Publisher description
Table of contents only

MARC

Tag First Indicator Second Indicator Subfields
LEADER 00000cam a2200000 i 4500
001 in00003778956
005 20170927135110.0
008 150728t20162016enk b 001 0 eng
010 |a  2015027282 
019 |a 917339256 
020 |a 9781137554888  |q hardcover 
020 |a 1137554886 
029 1 |a DEBSZ  |b 456330178 
035 |a (OCoLC)ocn915159431 
035 |a (OCoLC)915159431  |z (OCoLC)917339256 
040 |a DLC  |b eng  |e rda  |c DLC  |d YDX  |d BTCTA  |d BDX  |d OCLCF  |d CDX  |d YDXCP  |d OCLCO  |d TXA  |d UtOrBLW 
042 |a pcc 
049 |a TXAM 
050 0 0 |a TX392  |b .S58 2016 
082 0 0 |a 179/.3  |2 23 
100 1 |a Smith, Andrew F.,  |d 1972-  |e author.  |0 http://id.loc.gov/authorities/names/n2010074662 
245 1 2 |a A critique of the moral defense of vegetarianism /  |c Andrew F. Smith. 
264 1 |a Houndmills, Basingstoke, Hampshire ;  |a New York, NY :  |b Palgrave Macmillan,  |c 2016. 
264 4 |c ©2016 
300 |a xiv, 178 pages ;  |c 23 cm 
336 |a text  |b txt  |2 rdacontent 
337 |a unmediated  |b n  |2 rdamedia 
338 |a volume  |b nc  |2 rdacarrier 
504 |a Includes bibliographical references and index. 
505 0 |a Unsettling questions -- Plant sentience -- Animism -- The closed loop -- Objections, one accommodation -- Loose ends. 
650 0 |a Vegetarianism  |x Moral and ethical aspects. 
650 7 |a Vegetarianism  |x Moral and ethical aspects.  |2 fast  |0 (OCoLC)fst01164901 
856 4 2 |3 Contributor biographical information  |u http://catdir.loc.gov/catdir/enhancements/fy1509/2015027282-b.html  |t 0 
856 4 2 |3 Publisher description  |u http://catdir.loc.gov/catdir/enhancements/fy1509/2015027282-d.html  |t 0 
856 4 1 |3 Table of contents only  |u http://catdir.loc.gov/catdir/enhancements/fy1509/2015027282-t.html  |t 0 
938 |a Baker and Taylor  |b BTCP  |n BK0017521731 
938 |a Brodart  |b BROD  |n 113487231 
938 |a Coutts Information Services  |b COUT  |n 32257674 
938 |a YBP Library Services  |b YANK  |n 12557474 
938 |a YBP Library Services  |b YANK  |n 12971404 
945 |a PromptCat 
994 |a C0  |b TXA 
948 |a Cataloged  |b h  |c 2016/5/13  |d c  |e AReeder 
999 f f |s e925394c-f8d7-386c-9a32-88b93d213554  |i c73b1a85-5751-3da3-927f-f3ed4cb8ef4a  |t 0 
952 f f |p normal  |a Texas A&M University  |b College Station  |c Sterling C. Evans Library  |d Evans: Library Stacks  |t 0  |e TX392 .S58 2016  |h Library of Congress classification  |i unmediated -- volume  |m A14843400640 
998 f f |a TX392 .S58 2016  |t 0  |l Evans: Library Stacks